| 000 | 00484nam a2200169Ia 4500 | ||
|---|---|---|---|
| 999 |
_c36333 _d36333 |
||
| 003 | OSt | ||
| 005 | 20201207101341.0 | ||
| 008 | 190216s9999||||xx |||||||||||||| ||und|| | ||
| 020 | _a8125903283 | ||
| 040 | _coclc | ||
| 082 |
_a020 _bDIL/B |
||
| 100 |
_aDilli, K T _97230 |
||
| 245 | 0 |
_aBasics Of Library And Information Science / _cK T Dilli |
|
| 260 |
_bVikas Publications _c1997. _aNew Delhi: |
||
| 300 | _a177p | ||
| 942 |
_cREF _2ddc _h020 _iDIL/B _k020 _mDIL/B |
||